Sports Quiz

Random Sports or Athletes Quiz

2011 Philadelphia Eagles Roster Quiz Stats

 Plays Quiz not verified by Sporcle

Support Sporcle.
Go Orange.
Score 0/53 Timer 12:00
0 Plays Today
Position Player % Correct
QBMichael Vick
100%
RBLeSean Mccoy
96.8%
WRDeSean Jackson
95.8%
CJamaal Jackson
94.8%
WRJeremy Maclin
91.8%
TEBrent Celek
89.1%
DETrent Cole
83.9%
WRJason Avant
83.2%
QBVince Young
80.4%
RBRonnie Brown
80%
OTJason Peters
77.5%
CBAsante Samuel
75.2%
QBMike Kafka
73.3%
WRRiley Cooper
72%
DEJason Babin
70.8%
WRSteve Smith
68.1%
CBDominique Rodgers-Cromartie
64.1%
KAlex Henery
63.9%
CBNnamdi Asomugha
63.1%
CJason Kelce
61.6%
RBDion Lewis
59.7%
SNate Allen
59.4%
DTMike Patterson
59.2%
LBCasey Matthews
58.9%
PChas Henry
57.9%
OTTodd Herremans
56.7%
DTCullen Jenkins
55.9%
Position Player % Correct
DEBrandon Graham
53.7%
SKurt Coleman
52%
TEClay Harbor
51.7%
FBOwen Schmitt
47.3%
DEJuqua Parker
46.5%
OGDanny Watkins
44.6%
OGEvan Mathis
43.6%
LBJamar Chaney
41.8%
CBJoselio Hanson
41.3%
OTKing Dunlap
41.1%
LBBrian Rolle
37.1%
SJaiquawn Jarrett
34.9%
OTWinston Justice
34.4%
LBMoise Fokou
34.4%
LBAkeem Jordan
34.2%
DTTrevor Laws
32.7%
DEDarryl Tapp
31.9%
SColt Anderson
31.9%
CBCurtis Marsh
29.2%
DEPhillip Hunt
25.2%
DTAntonio Dixon
24.5%
SJarrad Page
23.5%
CBBrandon Hughes
20.5%
LBKeenan Clayton
19.6%
OGJulian Vandervelde
16.8%
OGKyle DeVan
15.6%

You're not logged in!

Compare scores with friends on all Sporcle quizzes.
OR
Log In
Remove Ads.
Support Sporcle.
Get the best of Sporcle when you Go Orange. This ad-free experience offers more features, more stats, and more fun while also helping to support Sporcle. Thank you for becoming a member.

Show Comments

Extras

Top Quizzes Today


Score Distribution

Your Account Isn't Verified!

In order to create a playlist on Sporcle, you need to verify the email address you used during registration. Go to your Sporcle Settings to finish the process.

Report this User

Report this user for behavior that violates our Community Guidelines.

Details: